Euro 2024 Progression - Statistics

General Stats
  • This quiz has been taken 37 times
  • The average score is 31 of 55
Answer Stats
Hint Answer # % Correct
Group A Germany 7
88%
Group B Spain 9
77%
Group A Scotland 1
73%
Group C England 5
69%
Group D France 5
65%
Group A Hungary 3
65%
Group B Italy 4
65%
Group D Netherlands 4
65%
Group F Portugal 6
65%
Round of 16 Spain 4
65%
Group A Switzerland 5
65%
Group D Austria 6
62%
Group E Belgium 4
62%
Group B Croatia 2
62%
Group C Denmark 3
62%
Semi-finals England 2
62%
Final England 1
62%
Semi-finals France 1
62%
Group F Georgia 4
62%
Group C Serbia 2
62%
Group C Slovenia 3
62%
Semi-finals Spain 2
62%
Final Spain 2
62%
Group F Turkey 6
62%
Group B Albania 1
58%
Group F Czech Republic 1
58%
Quarter-finals England 1 (5)
58%
Round of 16 Germany 2
58%
Semi-finals Netherlands 1
58%
Quarter-finals Portugal 0 (3)
58%
Quarter-finals Spain 2
58%
Winner Spain
58%
Quarter-finals France 0 (5)
54%
Group D Poland 1
54%
Round of 16 Portugal 0 (3)
54%
Quarter-finals Switzerland 1 (3)
54%
Round of 16 England 2
50%
Round of 16 France 1
50%
Round of 16 Georgia 1
50%
Quarter-finals Germany 1
50%
Quarter-finals Netherlands 2
50%
Group E Romania 4
50%
Group E Slovakia 4
50%
Group E Ukraine 4
50%
Round of 16 Denmark 0
46%
Round of 16 Netherlands 3
46%
Quarter-finals Turkey 1
46%
Round of 16 Belgium 0
42%
Round of 16 Italy 0
42%
Round of 16 Switzerland 2
42%
Round of 16 Turkey 2
42%
Round of 16 Slovakia 1
38%
Round of 16 Austria 1
35%
Round of 16 Romania 0
35%
Round of 16 Slovenia 0 (0)
35%
No matching quizzes found
Score Distribution
Percent of People with Each Score
Percentile by Number Answered
Your Score History
You have not taken this quiz